Language Quiz

Random Language or Letter Quiz

Alphabet Phrases (A-Z) II Quiz Stats

Quiz Updated Mar 29, 2012

Challenge
Share
Tweet
Embed
Score 0/26 Timer 07:00
2 Plays Today
Clue Answer % Correct
Eudora and Outlook are programs for receiving and sending thise-mail
87.6%
180-degree directional change in a carU-turn
86.8%
A part of a guitar or an outfit for a striptease dancerG-string
86.6%
Breakfast cereal manufactured by Kellogg Special K
82.2%
The Simon Cowell talent show franchiseThe X factor
81.5%
The common name for L-ascorbic acid which prevents scurveyVitamin C
80.8%
The person in charge of the waiters and seating restaurant patrons maître D
74.4%
2004 Will Smith movie based on an Isaac Asimov workI, Robot
74.3%
Hemorrhoid medication brand; Dr. Evil plan Preparation H
73%
Film where Natalie Portman notably shaved her head V for Vendetta
66.4%
A Showtime TV show that followed a group of lesbians in CaliforniaThe L Word
60.5%
1954 Hitchcock film staring Grace Kelly based on a play of the same nameDial M for Murder
58.7%
Rapper and actor who stars on 'NCIS: Los Angeles'LL Cool J
53.4%
Clue Answer % Correct
A draftsman's tool for drawing horizontal linesT-square
50.7%
Questioning system of journalism Five Ws
47%
Its flagship store in Times Square features a Ferris Wheel Toys Я Us
46.1%
A camera lens aperture settingF-stop
43.1%
Anime television series adapted from the final 26 volumes of the manga series Dragon Ball Z
42.8%
Pen name of William Sydney Porter O Henry
41.8%
A curve metallic piece used for hanging or connecting thingsS hook
40.4%
In the linear graph f(x) = mx + b, what b isY-intercept
36.8%
Classic song by Dale Hawkins covered by Credence Clearwater RevivalSusie Q
32.1%
Rapper and entertainment entrepreneur who is the father of Lil RomeoMaster P
32%
Signature tune of the Duke Ellington orchestraTake the A Train
26.4%
The script symbols for the Mycenean civilizationLinear B
7.8%
(1,3,2) or (3,8,2,4,2,9) or (2,4,6,8,10,13,19,78,101)n-tuple
1.4%

You're not logged in!

Compare scores with friends on all Sporcle quizzes.
Sign Up with Email
OR
Log In

You Might Also Like...

Show Comments

Extras

Top Quizzes Today


Score Distribution

Your Account Isn't Verified!

In order to create a playlist on Sporcle, you need to verify the email address you used during registration. Go to your Sporcle Settings to finish the process.